[Event "22nd ch-EUR Indiv 2022"]
[Site "Terme Catez SLO"]
[Date "2022.03.29"]
[Round "3.60"]
[White "Lagarde, Maxime"]
[Black "O'Gorman, Tom"]
[Result "1-0"]
[WhiteTitle "GM"]
[BlackTitle "FM"]
[WhiteElo "2626"]
[BlackElo "2357"]
[WhiteFideId "662399"]
[BlackFideId "2508249"]
[EventDate "2022.03.27"]

1. e4 c5 2. Nf3 d6 3. d4 cxd4 4. Nxd4 Nf6 5. Nc3 a6 6. Be3 e6 7. a3 b5 8. g4 d5
9. g5 Nxe4 10. Nxe4 dxe4 11. Qg4 Bb7 12. O-O-O Qc7 13. g6 Bd5 14. gxf7+ Qxf7 15.
Bh3 h5 16. Qg2 Be7 17. Rhg1 Nd7 18. Qxg7 Qxg7 19. Rxg7 Bf6 20. Rxd7 Kxd7 21.
Nxe6 Kc6 22. Nc5 Rad8 23. Bd7+ Kd6 24. b4 Rxd7 25. Nxd7 Kxd7 26. Rxd5+ Ke6 27.
Rc5 Be5 28. h3 Rd8 29. a4 Rd5 30. Rc6+ Rd6 31. axb5 axb5 32. Rc8 Rd7 33. c4 bxc4
34. Rxc4 Kd5 35. Rc5+ Ke6 36. b5 Rd3 37. Kc2 Ra3 38. b6 Ra2+ 39. Kb3 Rb2+ 40.
Kc4 Rb1 41. Rc6+ Kd7 42. Rh6 Bd6 43. Kd5 Be7 44. Rh7 Rb5+ 45. Kc4 Rb4+ 46. Kd5
Rb5+ 47. Kxe4 Ke6 48. Rh6+ Kf7 49. Rc6 Bd8 50. f4 Ke8 51. Rh6 Kd7 52. Bd4 h4 53.
f5 Rb3 54. Rh7+ Kc8 55. f6 Rxh3 56. b7+ Kb8 57. Be5+ 1-0

[Event "22nd ch-EUR Indiv 2022"]
[Site "Terme Catez SLO"]
[Date "2022.03.29"]
[Round "3.61"]
[White "Basso, Pier Luigi"]
[Black "Kenneskog, Theodor"]
[Result "1-0"]
[WhiteTitle "GM"]
[BlackTitle "FM"]
[WhiteElo "2600"]
[BlackElo "2354"]
[WhiteFideId "866970"]
[BlackFideId "1715011"]
[EventDate "2022.03.27"]

1. d4 Nf6 2. c4 e6 3. Nf3 d5 4. Nc3 c5 5. cxd5 Nxd5 6. e4 Nxc3 7. bxc3 cxd4 8.
cxd4 Bb4+ 9. Bd2 Bxd2+ 10. Qxd2 O-O 11. Bc4 Nd7 12. O-O b6 13. Rad1 Bb7 14. Rfe1
Rc8 15. Bb3 h6 16. Re3 Nf6 17. Qe1 Re8 18. h3 Qc7 19. Ne5 Red8 20. f4 b5 21. f5
Rxd4 22. Rxd4 Qxe5 23. Rd2 Kh8 24. fxe6 fxe6 25. Rde2 Nh5 26. Rc2 Rd8 27. Rd2
Rxd2 28. Qxd2 Nf6 29. Qc3 Qf4 30. Bxe6 Nxe4 31. Qe1 Qe5 32. Bb3 Qd4 33. Kh1 Bc6
34. Bc2 Nf6 35. Rd3 Qb6 36. Qd2 Be4 37. Rd8+ Kh7 38. Rd4 Bxc2 39. Qxc2+ Kg8 40.
Qd3 Qc5 41. Rd8+ Kf7 42. Qb3+ Kg6 43. Qb1+ Kg5 44. Rd1 a5 45. Re1 b4 46. Qd3 h5
47. Qg3+ Kh6 48. Qf4+ Kh7 49. Re5 Qc2 50. Rxa5 b3 51. Qf5+ Qxf5 52. Rxf5 bxa2
53. Ra5 h4 54. Rxa2 g5 55. Kg1 Kg6 56. Kf2 Kf5 57. Kf3 Nh5 58. Ra5+ Kg6 59. Ke4
Nf4 60. Ra6+ Kh5 61. Ra2 Kg6 62. Rf2 Nh5 63. Ke5 Ng3 64. Rf6+ Kg7 65. Ra6 Kf7
66. Kd4 Kg7 67. Ke3 Nf5+ 68. Ke4 Nh6 69. Ke5 1-0

[Event "22nd ch-EUR Indiv 2022"]
[Site "Terme Catez SLO"]
[Date "2022.03.29"]
[Round "3.62"]
[White "Pechac, Jergus"]
[Black "Milikow, Yoav"]
[Result "1-0"]
[WhiteTitle "GM"]
[BlackTitle "FM"]
[WhiteElo "2599"]
[BlackElo "2349"]
[WhiteFideId "14926970"]
[BlackFideId "2822237"]
[EventDate "2022.03.27"]

1. d4 Nf6 2. c4 e6 3. Nc3 Bb4 4. e3 O-O 5. Bd3 d5 6. Nf3 c5 7. O-O dxc4 8. Bxc4
Nc6 9. a3 Ba5 10. Qd3 a6 11. dxc5 Qxd3 12. Bxd3 Bxc3 13. bxc3 Na5 14. c4 Rd8 15.
Be2 Ne4 16. Bb2 Bd7 17. Bd4 f6 18. c6 Nxc6 19. Bb6 Rdc8 20. Rfc1 Ne7 21. Rab1 e5
22. Ne1 Be6 23. Rc2 Rc6 24. Ba5 Nc5 25. Rcb2 Nc8 26. Nc2 Bf5 27. Bf3 Be4 28. Nb4
Bxb1 29. Nxc6 e4 30. Bg4 Bd3 31. Bxc8 bxc6 32. Bg4 Bxc4 33. Rc2 Be6 34. Bxe6+
Nxe6 35. Rxc6 Nf8 36. h3 Ng6 37. Bc3 Ne7 38. Re6 Nd5 39. Ba5 Rb8 40. Rxe4 Rb1+
41. Kh2 Rb2 42. Kg3 f5 43. Re5 Nf6 44. Rxf5 Ne4+ 45. Kf3 Nxf2 46. Rd5 1-0

[Event "22nd ch-EUR Indiv 2022"]
[Site "Terme Catez SLO"]
[Date "2022.03.29"]
[Round "3.63"]
[White "Santos Ruiz, Miguel"]
[Black "Gaal, Zsoka"]
[Result "1/2-1/2"]
[WhiteTitle "GM"]
[BlackTitle "WIM"]
[WhiteElo "2597"]
[BlackElo "2336"]
[WhiteFideId "22291482"]
[BlackFideId "777765"]
[EventDate "2022.03.27"]

1. e4 c6 2. d4 d5 3. exd5 cxd5 4. Bd3 Nc6 5. c3 Nf6 6. Nf3 Bg4 7. h3 Bh5 8. Bf4
e6 9. Nbd2 Bd6 10. Bxd6 Qxd6 11. O-O O-O 12. Qe1 Qc7 13. Qe3 Rfe8 14. Rfe1 Rab8
15. a4 Bg6 16. Bxg6 hxg6 17. Ne5 b5 18. axb5 Rxb5 19. Nd3 Na5 20. Qe2 Reb8 21.
Ra2 Nd7 22. Rea1 R8b7 23. b4 Nc4 24. Nc5 Nxc5 25. dxc5 Nxd2 26. Qxd2 Qd7 27. Qd3
d4 28. Rxa7 Rxa7 29. Rxa7 Qxa7 30. Qxb5 Qa1+ 31. Kh2 Qxc3 32. c6 d3 33. Qc5 Qxc5
34. bxc5 d2 35. c7 d1=Q 36. c8=Q+ Kh7 37. Qc7 Qc1 38. c6 e5 39. Qb6 Qf4+ 40. g3
Qc1 41. Qb7 Qc2 42. Qxf7 Qxc6 43. h4 Qc5 44. Kg2 Qd4 45. Qf3 e4 46. Qf4 Qd3 47.
Qe3 Qc4 48. Qd2 Kg8 49. Kg1 Kh7 50. Kg2 Kg8 51. Qd1 Kh7 52. Qf1 Qd5 53. Kg1 Qd2
54. Qb1 e3 55. fxe3 Qxe3+ 56. Kg2 1/2-1/2

[Event "22nd ch-EUR Indiv 2022"]
[Site "Terme Catez SLO"]
[Date "2022.03.29"]
[Round "3.64"]
[White "Thybo, Jesper Sondergaard"]
[Black "Bethke, Richard"]
[Result "1/2-1/2"]
[WhiteTitle "GM"]
[BlackTitle "FM"]
[WhiteElo "2590"]
[BlackElo "2327"]
[WhiteFideId "1438832"]
[BlackFideId "12959243"]
[EventDate "2022.03.27"]

1. e4 c5 2. Nf3 d6 3. d4 cxd4 4. Nxd4 Nf6 5. Nc3 a6 6. Qd3 g6 7. Bg5 Nbd7 8.
O-O-O Bg7 9. f4 h6 10. Bh4 O-O 11. Kb1 Qc7 12. f5 g5 13. Bg3 b5 14. h4 g4 15.
Qe3 Bb7 16. Bd3 Ne5 17. Bf4 Kh7 18. Bg5 Qc5 1/2-1/2

[Event "22nd ch-EUR Indiv 2022"]
[Site "Terme Catez SLO"]
[Date "2022.03.29"]
[Round "3.65"]
[White "Giannoulakis, Lampros"]
[Black "Stevic, Hrvoje"]
[Result "1/2-1/2"]
[WhiteTitle "FM"]
[BlackTitle "GM"]
[WhiteElo "2362"]
[BlackElo "2587"]
[WhiteFideId "4247019"]
[BlackFideId "14502569"]
[EventDate "2022.03.27"]

1. d4 d5 2. Nf3 Nf6 3. c4 dxc4 4. Nc3 a6 5. e4 b5 6. e5 Nd5 7. a4 e6 8. axb5 Nb6
9. Be3 axb5 10. Rxa8 Nxa8 11. Nxb5 Nb6 12. Be2 Be7 13. O-O O-O 14. Qc2 Nc6 15.
Qe4 Nb4 16. Qg4 f5 17. exf6 Bxf6 18. Ne5 Nc2 19. Qe4 Nxe3 20. fxe3 Qd5 21. Nc3
Qxe4 22. Nxe4 1/2-1/2

[Event "22nd ch-EUR Indiv 2022"]
[Site "Terme Catez SLO"]
[Date "2022.03.29"]
[Round "3.66"]
[White "Szwed, Jacek"]
[Black "Asadli, Vugar"]
[Result "1/2-1/2"]
[WhiteTitle "FM"]
[BlackTitle "GM"]
[WhiteElo "2357"]
[BlackElo "2579"]
[WhiteFideId "1126431"]
[BlackFideId "13405764"]
[EventDate "2022.03.27"]

1. e4 c5 2. Nf3 e6 3. d4 cxd4 4. Nxd4 Nf6 5. Nc3 Nc6 6. Ndb5 d6 7. Bf4 e5 8. Bg5
a6 9. Na3 Be6 10. Nc4 Rb8 11. Bxf6 gxf6 12. Nd5 f5 13. exf5 Bxf5 14. c3 Be6 15.
Nce3 Bh6 16. Qf3 O-O 17. Nf5 Qg5 18. Bd3 Bxd5 19. Qxd5 Ne7 20. Nxe7+ Qxe7 21.
Bf5 Qg5 22. g4 e4 23. O-O Rbe8 24. f4 exf3 25. Rxf3 Re5 26. Qxd6 Rfe8 27. Raf1
Bf8 28. Qc7 h5 29. Kh1 R8e7 30. Qc4 b5 31. Qf4 Qxf4 32. Rxf4 Bh6 33. R4f2 h4 34.
Bc2 Re2 35. Kg2 Kg7 36. Rxe2 Rxe2+ 37. Rf2 Re3 38. Kf1 h3 39. Re2 Rxe2 40. Kxe2
Bf4 41. g5 Bxg5 42. Bf5 Bf4 43. b4 a5 44. Kd1 axb4 45. cxb4 Kf6 46. Bxh3 Ke7 47.
Bf1 Bxh2 48. Kc2 Kd6 49. Bxb5 Kc7 50. Kb3 Bg1 51. Kc4 Bf2 52. Be8 Kb6 53. Bxf7
Be3 54. a4 Bf2 55. Be8 Be3 56. Bd7 Bf2 57. a5+ Kc7 58. Be8 Be1 59. Kb5 Bd2 60.
Bg6 Be1 61. Be4 Bd2 62. Bf3 Be1 63. Ka4 Bd2 64. b5 Be3 65. b6+ Bxb6 66. axb6+
Kxb6 1/2-1/2

[Event "22nd ch-EUR Indiv 2022"]
[Site "Terme Catez SLO"]
[Date "2022.03.29"]
[Round "3.67"]
[White "Gumularz, Szymon"]
[Black "Stremavicius, Pijus"]
[Result "1-0"]
[WhiteTitle "GM"]
[BlackTitle "FM"]
[WhiteElo "2539"]
[BlackElo "2320"]
[WhiteFideId "1188062"]
[BlackFideId "12812730"]
[EventDate "2022.03.27"]

1. Nf3 d5 2. g3 c5 3. Bg2 Nc6 4. d4 Nf6 5. O-O e6 6. c4 dxc4 7. Qa4 Bd7 8. Qxc4
b5 9. Qd3 c4 10. Qd1 Rc8 11. Bf4 Be7 12. Nc3 a6 13. a3 Nd5 14. Bd2 Na5 15. Nxd5
exd5 16. Bxa5 Qxa5 17. Ne5 Be6 18. e4 Qd8 19. Qf3 dxe4 20. Qxe4 O-O 21. Nc6 Rxc6
22. Qxc6 Qxd4 23. Rae1 Bf6 24. Re2 h5 25. Rfe1 Bf5 26. Qxa6 Bg4 27. Re8 Rxe8 28.
Rxe8+ Kh7 29. Be4+ g6 30. Qb7 Bd7 31. Bc6 Bxe8 32. Bxe8 Bg7 33. Qxf7 Qb6 34. Qd7
Kh6 35. Qxb5 Qe6 36. Qc6 Qxc6 37. Bxc6 Bxb2 38. a4 g5 39. Kg2 g4 40. h3 gxh3+
41. Kxh3 Bd4 42. f4 Bb6 43. Be4 Bc7 44. Kg2 h4 45. Kh3 hxg3 46. Kxg3 Kg7 47. Kf3
Kf6 48. Bb1 Ke6 49. Ke4 Kd6 50. Kd4 Kc6 51. f5 c3 52. Kxc3 Kc5 53. Kd3 Kb4 54.
Bc2 Bd8 55. Kd4 Bf6+ 56. Kd5 Kc3 57. a5 1-0

[Event "22nd ch-EUR Indiv 2022"]
[Site "Terme Catez SLO"]
[Date "2022.03.29"]
[Round "3.68"]
[White "Valsecchi, Alessio"]
[Black "Karsay, Pascal"]
[Result "1-0"]
[WhiteTitle "GM"]
[BlackTitle "FM"]
[WhiteElo "2524"]
[BlackElo "2310"]
[WhiteFideId "818860"]
[BlackFideId "12953474"]
[EventDate "2022.03.27"]

1. e4 e5 2. Nf3 Nc6 3. Bb5 a6 4. Ba4 Nf6 5. O-O Be7 6. Re1 b5 7. Bb3 O-O 8. h3
Bb7 9. d3 d5 10. exd5 Nxd5 11. Nbd2 f6 12. c3 Na5 13. Bc2 c5 14. d4 exd4 15.
cxd4 c4 16. Nh4 g6 17. Nxg6 hxg6 18. Bxg6 Qd7 19. Qh5 Bd6 20. Ne4 Rae8 21. Bxe8
Rxe8 22. Bd2 c3 23. Qg6+ Kh8 24. Nxd6 1-0

[Event "22nd ch-EUR Indiv 2022"]
[Site "Terme Catez SLO"]
[Date "2022.03.29"]
[Round "3.69"]
[White "Stefansson, Hannes"]
[Black "Urh, Zala"]
[Result "1-0"]
[WhiteTitle "GM"]
[BlackTitle "WIM"]
[WhiteElo "2520"]
[BlackElo "2307"]
[WhiteFideId "2300087"]
[BlackFideId "14611481"]
[EventDate "2022.03.27"]

1. e4 c6 2. d4 d5 3. e5 c5 4. Nf3 cxd4 5. Nxd4 Nc6 6. Nxc6 bxc6 7. Bd3 e6 8. O-O
Ne7 9. Re1 a5 10. Nc3 Ba6 11. Bg5 Qc7 12. Na4 Ng6 13. Bxa6 Rxa6 14. c4 dxc4 15.
Qd4 Bb4 16. Re4 h6 17. Be3 O-O 18. Qxc4 Raa8 19. f4 Rab8 20. Nc5 Qc8 21. Nd3 Rd8
22. Qc2 Bf8 23. Rc4 Qa6 24. b3 Rd5 25. Nf2 c5 26. Ne4 Rb4 27. Rc1 a4 28. bxa4
Qb7 29. Qe2 Rb2 30. R4c2 Rb4 31. Bd2 Rbd4 32. g3 Rd8 33. Nc3 c4 34. Be3 Rd3 35.
Bf2 Ba3 36. Rb1 Qc6 37. Qe4 Qd7 38. Rb7 Qc8 39. Rb5 Ne7 40. Ne2 c3 41. Kg2 Qd7
42. Rxc3 Rxc3 43. Nxc3 Nf5 44. Rb3 Bc1 45. a5 Qd2 46. Ne2 Bb2 47. a6 Bd4 48.
Nxd4 Rxd4 49. a7 1-0

[Event "22nd ch-EUR Indiv 2022"]
[Site "Terme Catez SLO"]
[Date "2022.03.29"]
[Round "3.70"]
[White "Beliavsky, Alexander G"]
[Black "Aizenberg, Benny"]
[Result "0-1"]
[WhiteTitle "GM"]
[BlackTitle "FM"]
[WhiteElo "2518"]
[BlackElo "2297"]
[WhiteFideId "14602377"]
[BlackFideId "2821125"]
[EventDate "2022.03.27"]

1. c4 f5 2. Nf3 Nf6 3. Nc3 d6 4. d4 g6 5. g3 Bg7 6. Bg2 O-O 7. O-O c6 8. Qc2 Na6
9. Re1 Qe8 10. b3 e5 11. dxe5 Nb4 12. Qd2 dxe5 13. Ba3 a5 14. e4 fxe4 15. Ng5
Bh6 16. Bxb4 axb4 17. Ncxe4 Nxe4 18. Bxe4 Bf5 19. h4 Qe7 20. c5 Qxc5 21. Bxf5
Rxf5 22. Re4 Bxg5 23. hxg5 Rf3 24. Kg2 Raf8 25. Rf1 Rc3 26. Re2 e4 27. Rxe4 Rc2
28. Qe1 Rxa2 29. Rxb4 Rfxf2+ 30. Rxf2 Rxf2+ 31. Qxf2 Qxb4 32. Qe3 Kf7 33. Kh2
Qe7 34. Qf4+ Ke6 35. Qg4+ Kd6 36. Qb4+ c5 37. Qb6+ Kd5 38. Qb5 Kd4 39. Qc4+ Ke3
40. Qc3+ Ke2 41. Qc2+ Kf1 42. Qg2+ Ke1 43. Qd5 b6 44. Kh3 Qe3 45. Qh1+ Kd2 46.
Qd5+ Kc2 47. Qc4+ Qc3 48. Qe2+ Kc1 49. Qe6 Qb4 50. Qf7 Qe4 51. Kh2 Kc2 0-1

[Event "22nd ch-EUR Indiv 2022"]
[Site "Terme Catez SLO"]
[Date "2022.03.29"]
[Round "3.71"]
[White "Langheinrich, Ferenc"]
[Black "Nasuta, Grzegorz"]
[Result "1/2-1/2"]
[WhiteTitle "IM"]
[BlackTitle "GM"]
[WhiteElo "2351"]
[BlackElo "2518"]
[WhiteFideId "4641973"]
[BlackFideId "1141686"]
[EventDate "2022.03.27"]

1. e4 c5 2. b3 g6 3. Bb2 Nf6 4. e5 Nd5 5. Nf3 Bg7 6. Nc3 Nxc3 7. dxc3 d5 8. exd6
O-O 9. Qd2 exd6 10. O-O-O Nc6 11. Bc4 Bg4 12. Bd5 Qa5 13. Kb1 Rad8 14. h3 Bxf3
15. Bxf3 d5 16. Bxd5 c4 17. b4 Qc7 18. Qg5 Ne5 19. Be4 a5 20. a3 axb4 21. axb4
Rd7 22. f4 h6 23. Qg3 Rfd8 24. Rxd7 Nxd7 25. Qf3 Nb6 26. Bxb7 Rd6 27. f5 Na4 28.
fxg6 Rxg6 29. Re1 Be5 30. Bd5 Rf6 31. Qg4+ Kf8 32. Qxc4 Nxc3+ 33. Bxc3 1/2-1/2

[Event "22nd ch-EUR Indiv 2022"]
[Site "Terme Catez SLO"]
[Date "2022.03.29"]
[Round "3.72"]
[White "Levin, Guy"]
[Black "Vetoshko, Volodymyr"]
[Result "1-0"]
[WhiteTitle "FM"]
[BlackTitle "GM"]
[WhiteElo "2332"]
[BlackElo "2507"]
[WhiteFideId "2824213"]
[BlackFideId "14122480"]
[EventDate "2022.03.27"]

1. c4 e6 2. g3 d5 3. Bg2 Nf6 4. Nf3 Be7 5. b3 d4 6. e3 c5 7. exd4 cxd4 8. O-O
Nc6 9. Re1 O-O 10. d3 Nd7 11. Na3 e5 12. Rb1 f6 13. Nc2 a5 14. a3 Nc5 15. b4
axb4 16. axb4 Na4 17. Bd2 Nc3 18. Bxc3 dxc3 19. Rb3 Qb6 20. d4 exd4 21. Nfxd4
Nxd4 22. Nxd4 Qd8 23. Bd5+ Kh8 24. Qc2 Bd6 25. Qxc3 Ra2 26. Ra3 Rxa3 27. Qxa3
Re8 28. Rxe8+ Qxe8 29. c5 Qe1+ 30. Kg2 Qe5 31. Bf3 Bb8 32. Qa8 Qxd4 33. Qxb8 Qd7
34. b5 h5 35. Bxb7 Qxb7+ 36. Qxb7 Bxb7+ 37. c6 Ba8 38. Kf3 1-0

[Event "22nd ch-EUR Indiv 2022"]
[Site "Terme Catez SLO"]
[Date "2022.03.29"]
[Round "3.73"]
[White "Roebers, Eline"]
[Black "Blohberger, Felix"]
[Result "1/2-1/2"]
[BlackTitle "GM"]
[WhiteElo "2331"]
[BlackElo "2504"]
[WhiteFideId "1058401"]
[BlackFideId "1632051"]
[EventDate "2022.03.27"]

1. e4 e5 2. Bc4 Nf6 3. d3 Nc6 4. Nc3 Bb4 5. Ne2 Na5 6. a3 Bxc3+ 7. Nxc3 Nxc4 8.
dxc4 d6 9. O-O Be6 10. Qe2 Nd7 11. Be3 O-O 12. Rad1 b6 13. b3 h6 14. Kh1 Qe7 15.
Bc1 a5 16. a4 Rac8 17. Rde1 Nc5 18. Ba3 Qg5 19. Bxc5 dxc5 20. Qe3 Rcd8 21. Qxg5
hxg5 22. Re2 g4 23. Nd5 Rd7 24. f3 gxf3 25. gxf3 c6 26. Ne3 Bh3 27. Rfe1 f6 28.
Nd1 Kf7 29. Nf2 Be6 30. Nd3 Rh8 31. Rg1 Rh4 32. Rd2 Ke8 33. Re2 g5 34. Rf2 Rdh7
35. Rg3 Ke7 36. Re2 Rh8 37. Kg1 Rd8 38. Rf2 Rd4 39. Re2 Rh8 40. Rgg2 Rh3 41. Rg3
Rh8 42. Rgg2 Kf7 43. Kf2 Rh3 44. Ke3 g4 45. Rg3 Rxg3 46. hxg3 gxf3 47. Kxf3 Kg6
48. Rh2 Rd8 49. Rh1 Bf7 50. Rh2 Kg7 51. Ke3 Bg6 52. Rh1 Rd7 53. g4 Rd4 54. Nf2
Rd8 55. Nd3 Re8 56. Nf2 Rd8 57. Nd3 Rh8 58. Rxh8 Kxh8 59. g5 fxg5 60. Nxe5 Kg7
61. Nxc6 Kf6 62. Na7 Ke5 63. Nc6+ Kd6 64. Na7 Ke5 65. Nc6+ Ke6 66. Na7 g4 67.
Nc8 g3 68. Kf3 Bxe4+ 69. Kxg3 Bxc2 70. Nxb6 Bxb3 71. Kf4 Kd6 72. Ke3 Kc6 73. Nd5
Bxa4 74. Nc3 Bb3 75. Ne4 a4 76. Kd3 a3 77. Nd2 Ba2 78. Kc3 Kb6 79. Nb3 Kc6 80.
Nc1 Bb1 81. Kb3 a2 82. Kb2 1/2-1/2

[Event "22nd ch-EUR Indiv 2022"]
[Site "Terme Catez SLO"]
[Date "2022.03.29"]
[Round "3.74"]
[White "Beydullayeva, Govhar"]
[Black "Saraci, Nderim"]
[Result "1/2-1/2"]
[WhiteTitle "WIM"]
[BlackTitle "IM"]
[WhiteElo "2308"]
[BlackElo "2488"]
[WhiteFideId "13413015"]
[BlackFideId "6351921"]
[EventDate "2022.03.27"]

1. d4 Nf6 2. c4 g6 3. Nc3 Bg7 4. e4 d6 5. h3 O-O 6. Be3 c6 7. Nf3 e5 8. d5 c5 9.
g4 Na6 10. Nd2 Nc7 11. a3 Rb8 12. b4 b6 13. Be2 Nfe8 14. h4 f5 15. gxf5 gxf5 16.
Bg5 Nf6 17. Rg1 Kh8 18. exf5 e4 19. Nf1 Bxf5 20. Ne3 Qd7 21. b5 Ng4 22. Bxg4
Bxc3+ 23. Kf1 Bxg4 24. Rxg4 Rf3 25. Ra2 Rbf8 26. Rxe4 Qh3+ 27. Kg1 h6 28. Bxh6
Rg8+ 29. Bg5 Be5 30. Ng4 Rgf8 31. Nxe5 dxe5 32. Qa1 R8f5 33. Rae2 Ne8 34. Rxe5
Qg4+ 35. Kf1 Qh3+ 36. Kg1 Qg4+ 37. Kf1 1/2-1/2

[Event "22nd ch-EUR Indiv 2022"]
[Site "Terme Catez SLO"]
[Date "2022.03.29"]
[Round "3.75"]
[White "Firat, Burak"]
[Black "Royal, Shreyas"]
[Result "1-0"]
[WhiteTitle "GM"]
[BlackTitle "FM"]
[WhiteElo "2487"]
[BlackElo "2296"]
[WhiteFideId "6305881"]
[BlackFideId "448869"]
[EventDate "2022.03.27"]

1. c4 e6 2. Nc3 d5 3. d4 Nf6 4. cxd5 exd5 5. Bg5 Be7 6. e3 c6 7. Qc2 Nbd7 8. Bd3
Nh5 9. Bxe7 Qxe7 10. O-O-O g6 11. h3 Nb6 12. Nf3 Be6 13. Kb1 O-O-O 14. Na4 Nxa4
15. Qxa4 Kb8 16. Rc1 Ng7 17. Rc3 Bf5 18. Rhc1 Rc8 19. Ka1 Bxd3 20. Rxd3 f6 21.
Ra3 a6 22. Ne1 Ne6 23. Nd3 c5 24. dxc5 Nxc5 25. Qf4+ Ka7 26. Qd4 b6 27. Rac3 Qe4
28. f3 Qe6 29. Nxc5 bxc5 30. Rxc5 Rxc5 31. Rxc5 Kb7 32. Qxd5+ Qxd5 33. Rxd5 Re8
34. Rd3 Kc6 35. b3 f5 36. Kb2 Kb5 37. Kc2 Rc8+ 38. Rc3 Rd8 39. Rc4 Rd5 40. Rd4
Rc5+ 41. Kd2 Rc7 42. h4 Rc6 43. a3 Rc7 44. Rb4+ Ka5 45. e4 fxe4 46. fxe4 g5 47.
hxg5 Rg7 48. Rd4 h6 49. gxh6 Rxg2+ 50. Kc3 Rg3+ 51. Rd3 Rg8 52. h7 Rc8+ 53. Kd2
Rh8 54. Rh3 Rd8+ 55. Ke3 Rh8 56. e5 Kb5 57. Ke4 Kc6 58. Kf5 Kd5 59. Kf6 a5 60.
Kg7 1-0

[Event "22nd ch-EUR Indiv 2022"]
[Site "Terme Catez SLO"]
[Date "2022.03.29"]
[Round "3.76"]
[White "Ahmadzada, Ahmad"]
[Black "Dalaud, Dorian"]
[Result "1-0"]
[WhiteTitle "IM"]
[BlackTitle "FM"]
[WhiteElo "2480"]
[BlackElo "2293"]
[WhiteFideId "13413007"]
[BlackFideId "36093270"]
[EventDate "2022.03.27"]

1. e4 c5 2. Nf3 Nc6 3. Bb5 g6 4. Bxc6 dxc6 5. d3 Bg7 6. h3 Nf6 7. Nc3 Nd7 8. Be3
e5 9. Qd2 h6 10. O-O b6 11. Nh2 Nf8 12. f4 exf4 13. Rf2 f3 14. Rxf3 g5 15. Rf2
Be6 16. Raf1 Qc7 17. Ne2 O-O-O 18. a3 Ng6 19. b4 cxb4 20. axb4 Ne5 21. Nd4 Rxd4
22. Bxd4 Ng4 23. Nxg4 Bxd4 24. Ne3 Qe5 25. Kh1 Bc3 26. Qe2 Bxb4 27. d4 Qxe4 28.
c3 Bd6 29. Qa6+ Kb8 30. Nf5 Bf4 31. Rxf4 gxf4 32. Nd6 1-0

[Event "22nd ch-EUR Indiv 2022"]
[Site "Terme Catez SLO"]
[Date "2022.03.29"]
[Round "3.77"]
[White "Dudin, Gleb"]
[Black "Palczert, Matyas"]
[Result "1/2-1/2"]
[WhiteTitle "IM"]
[WhiteElo "2477"]
[BlackElo "2284"]
[WhiteFideId "34184934"]
[BlackFideId "784958"]
[EventDate "2022.03.27"]

1. d4 Nf6 2. c4 e6 3. Nf3 d5 4. Nc3 a6 5. cxd5 exd5 6. Bg5 Be6 7. e3 Nbd7 8. Bd3
Bd6 9. O-O O-O 10. h3 h6 11. Bf4 Qe7 12. Rc1 Rac8 13. Re1 c5 14. Bxd6 Qxd6 15.
dxc5 Nxc5 16. Bb1 Rfd8 17. Qd4 Qb8 18. Ne2 Nce4 19. Nf4 Rxc1 20. Rxc1 Rc8 21.
Qd1 Rxc1 22. Qxc1 Qf8 23. a3 Qc5 24. Qxc5 Nxc5 25. Nd4 Bd7 26. Ba2 Na4 27. Nd3
b6 28. f3 Kf8 29. Bb3 Nc5 30. Nf4 Nxb3 31. Nxb3 Ke7 32. Kf2 Kd6 33. Nd4 Be6 34.
Ke1 Nd7 35. Kd2 Ne5 36. b3 Bd7 37. Kc3 Bc8 38. Nc2 a5 39. Nd4 Bd7 40. Nh5 g6 41.
Nf6 h5 42. f4 Nc6 43. g4 hxg4 44. hxg4 Nxd4 45. Kxd4 Bc6 46. g5 Ke6 47. Ng4 Kd6
48. Ne5 Be8 49. Nd3 Bb5 50. Nb2 Bd7 51. Nd1 Be8 52. Nc3 Bc6 53. b4 axb4 54. axb4
b5 55. Ne2 Bd7 56. Nc1 Bf5 57. Nb3 Bc2 58. Nc5 Bf5 59. Nb3 Bd7 60. Nd2 Bg4 61.
Kc3 Bd7 62. Nf3 Be8 63. Ne5 Ke6 64. Kd4 Kd6 65. Ng4 Bd7 66. Ne5 Be8 67. Kd3 Ke6
68. Nf3 Kd6 69. Nd4 Bd7 70. Ke2 Be8 71. Kf3 Bd7 72. Kg3 Be8 73. Kf2 Bd7 74. Ne2
Be8 75. Ke1 Bd7 76. Kd2 Be8 77. Kd3 Bd7 78. Kd4 Be8 79. Ng3 Bc6 80. Nh1 Be8 81.
Nf2 Bc6 82. Ng4 Bd7 83. Nf6 Bc6 84. Kc3 Ke6 85. Kd3 Ke7 86. Kd4 Kd6 87. Ng8 Bd7
88. Nh6 Be6 89. Kc3 Kc7 90. Kd3 Kd7 91. e4 dxe4+ 92. Kxe4 Kd6 93. Kd4 Ba2 94.
Ng4 Bc4 95. Ne5 Be6 96. Nd3 Bc4 97. Nc5 Bf1 98. Ke4 Bg2+ 99. Kd4 Bc6 100. Nd3
Bb7 101. Ne5 Bd5 102. Ng4 1/2-1/2

[Event "22nd ch-EUR Indiv 2022"]
[Site "Terme Catez SLO"]
[Date "2022.03.29"]
[Round "3.78"]
[White "Loiseau, Quentin"]
[Black "Kanov, Nikola"]
[Result "1/2-1/2"]
[WhiteTitle "IM"]
[BlackTitle "CM"]
[WhiteElo "2474"]
[BlackElo "2265"]
[WhiteFideId "665274"]
[BlackFideId "2928531"]
[EventDate "2022.03.27"]

1. e4 e5 2. Nf3 Nc6 3. Bb5 g6 4. c3 a6 5. Bxc6 dxc6 6. d4 exd4 7. cxd4 Bg4 8.
Qb3 Bxf3 9. gxf3 Bg7 10. Be3 Ne7 11. Nc3 Bxd4 12. O-O-O c5 13. h4 b6 14. Nd5
Nxd5 15. Bxd4 cxd4 16. Rxd4 O-O 17. Rxd5 Qf6 18. h5 Rad8 19. hxg6 hxg6 20. Rhd1
Rxd5 21. Rxd5 Rd8 22. Rxd8+ Qxd8 23. Qe3 Qd6 24. a3 1/2-1/2

[Event "22nd ch-EUR Indiv 2022"]
[Site "Terme Catez SLO"]
[Date "2022.03.29"]
[Round "3.79"]
[White "Deuer, Marius"]
[Black "Markoja, Boris"]
[Result "1/2-1/2"]
[WhiteTitle "FM"]
[BlackTitle "IM"]
[WhiteElo "2304"]
[BlackElo "2461"]
[WhiteFideId "16236432"]
[BlackFideId "14608502"]
[EventDate "2022.03.27"]

1. d4 Nf6 2. c4 e6 3. Nc3 Bb4 4. e3 O-O 5. Ne2 c6 6. a3 Ba5 7. b4 Bc7 8. d5 cxd5
9. cxd5 exd5 10. Bb2 Be5 11. f4 Bxc3+ 12. Nxc3 d6 13. Nxd5 Nxd5 14. Qxd5 Qe7 15.
Qd2 Re8 16. Kf2 Bf5 17. Qd4 f6 18. Be2 Nc6 19. Qd2 a6 20. Rhe1 Be4 21. a4 a5 22.
bxa5 Nxa5 23. Ba3 Red8 24. Red1 Qe6 25. Bb4 Nc4 26. Qd4 d5 27. Rdc1 Qe8 28. a5
h5 29. h3 h4 30. Rg1 Nd6 31. Bxd6 Rxd6 32. g3 hxg3+ 33. Rxg3 Rc6 34. Rag1 Qe7
35. Rxg7+ Qxg7 36. Rxg7+ Kxg7 37. Qb4 Rc7 38. Bf3 Bxf3 39. Kxf3 Rd8 40. h4 Rcd7
41. Kg4 Rc8 42. Kf5 Rc6 43. h5 Rcd6 44. Qd4 Kh6 45. Qd2 Kh7 46. Qc2 Rc6 47. Qg2
Rcd6 48. Qg6+ Kh8 49. h6 Re7 50. Kg4 Rde6 51. f5 Rc6 52. Kf3 Rd6 53. Qg3 Rd8 54.
Qg6 Rd6 55. h7 Rg7 56. Qe8+ Kxh7 57. Qh5+ Kg8 58. Qe8+ Kh7 1/2-1/2